الإسلام و المعاهدات الدولية (Record no. 14554)
[ view plain ]
| 000 -LEADER | |
|---|---|
| fixed length control field | 00750nam a22001817a 4500 |
| 008 - FIXED-LENGTH DATA ELEMENTS--GENERAL INFORMATION | |
| fixed length control field | 100726t xxu||||| |||| 00| 0 eng d |
| 020 ## - INTERNATIONAL STANDARD BOOK NUMBER | |
| International Standard Book Number | 9770504432 |
| 082 ## - DEWEY DECIMAL CLASSIFICATION NUMBER | |
| Edition number | 22 |
| Classification number | 341.37 |
| Item number | ع ف ى |
| 100 ## - MAIN ENTRY--PERSONAL NAME | |
| 9 (RLIN) | 16815 |
| Personal name | عفيفى،محمد الصادق |
| 245 ## - TITLE STATEMENT | |
| Title | الإسلام و المعاهدات الدولية |
| Statement of responsibility, etc | محمد الصادق عفيفى |
| 260 ## - PUBLICATION, DISTRIBUTION, ETC. (IMPRINT) | |
| Place of publication, distribution, etc | القاهرة: |
| Name of publisher, distributor, etc | مكتبة الأنجلو الأمريكية، |
| Date of publication, distribution, etc | [1985]. |
| 300 ## - PHYSICAL DESCRIPTION | |
| Extent | 401ص. |
| Dimensions | 24سم. |
| 504 ## - BIBLIOGRAPHY, ETC. NOTE | |
| Bibliography, etc | يشتمل على كشافات و فهارس |
| 650 ## - SUBJECT ADDED ENTRY--TOPICAL TERM | |
| 9 (RLIN) | 16818 |
| Topical term or geographic name as entry element | الإسلام و العلاقات الخارجية |
| 650 ## - SUBJECT ADDED ENTRY--TOPICAL TERM | |
| 9 (RLIN) | 16818 |
| Topical term or geographic name as entry element | الإسلام و العلاقات الخارجية |
| 650 ## - SUBJECT ADDED ENTRY--TOPICAL TERM | |
| 9 (RLIN) | 16817 |
| Topical term or geographic name as entry element | الاتفاقيات الدولية |
| 942 ## - ADDED ENTRY ELEMENTS (KOHA) | |
| Source of classification or shelving scheme | Dewey Decimal Classification |
| Item type | Book - Borrowing |
| Withdrawn status | Item status | Source of classification or shelving scheme | Damaged status | Not for loan | Vendor | Home library | Current library | Shelving location | Date acquired | Source of acquisition | Total Checkouts | Full call number | Barcode | Date last seen | Koha item type |
|---|---|---|---|---|---|---|---|---|---|---|---|---|---|---|---|
| Dewey Decimal Classification | Central Library | Central Library | First floor | 26/07/2010 | Donation | 341.37 عفي | 000021313 | 15/07/2025 | Book - Borrowing |